| 000 | 01600nam0a2200349 4500 | ||
|---|---|---|---|
| 001 | RU\NLR\bibl\1003014 | ||
| 005 | 20250614225123.0 | ||
| 010 |
_a5-9230-0117-9 _93000 |
||
| 021 |
_aRU _b2006-58657 _92906 |
||
| 035 | _a(NLR Aleph) 000990710 | ||
| 090 |
_a517061 _c517061 |
||
| 100 | _a20061101d2006 |||y0rusy50 ca | ||
| 101 | 0 | _arus | |
| 102 | _aRU | ||
| 105 | _aa ||||||||| | ||
| 200 | 1 |
_aMicrosoft Word 2003 _e[самоучитель] _fЕ.С. Столярова _g[Мультимедиа технологии и дистанционное обучение] |
|
| 210 |
_aМосква _cМультимедиа технологии и Дистанционное Обучение _d2006 |
||
| 215 |
_a453 с. _cил. _d22 |
||
| 225 | 1 | _aМультимедийный самоучитель на CD-ROM | |
| 225 | 1 | _aИнтерактивные видеолекции серии "TeachPro" | |
| 225 | 1 | _aTeachPro на CD-ROM | |
| 300 | _aНа обл. только загл. сер.: TeachPro на CD-ROM | ||
| 316 |
_aЭкз. деф.: CD отсутствует _5NLR |
||
| 320 | _aПредм. указ.: с. 427-441 | ||
| 606 | 0 |
_aMICROSOFT WORD 2003, текстовый редактор _jУчебные издания для самообразования _92343955 _3RU\NLR\auth\661400851 |
|
| 686 | _aЗ973.233-018я78 | ||
| 700 | 1 |
_aСтолярова _bЕ. С _gЕлена Семеновна _4070 |
|
| 801 | 0 |
_aRU _bNLR _c20061101 _grcr |
|
| 801 | 1 |
_aRU _bNLR _c20061101 |
|
| 942 | _cBOOK | ||
| 980 | _aNB | ||